| 000 | 01208nam a2200325 a 4500 | ||
|---|---|---|---|
| 001 | BRCA_8667 | ||
| 005 | 20190320210349.0 | ||
| 008 | 021216s1595----it-#######---#000-0#lat-# | ||
| 041 | _alat | ||
| 044 | _ait | ||
| 050 | 4 |
_aBX1970 _b.C54 _c1595 |
|
| 100 | 1 |
_aClementis VIII _921626 |
|
| 245 | 1 | 0 |
_aPontificale romanvm _cClementis VIII Pont. Max. IV SSV restitvtvm at que editum |
| 260 |
_aRomae _b[s.i.] _c1595 |
||
| 300 |
_a278 p. _bil. _c36 cm |
||
| 500 | _aFondo antiguo | ||
| 500 | _aSe encuentra en Caja Fuerte | ||
| 500 | _aW-49/MG-3 | ||
| 500 | _aPortada con grabado impresa en dos tintas negro y rojo | ||
| 500 | _aUso de letras capitulares | ||
| 500 | _aIncluye índice | ||
| 500 | _aTexto en dos columnas | ||
| 500 | _aContiene pentagramas musicales | ||
| 500 | _aSe localiza una marca de agua en las guardas | ||
| 500 | _aNota de encuadernación: piel sobre madera aplicaciones en las esquinas en plata con figuras de ángeles y broches de metal, edición de cantos dorados | ||
| 506 | 0 | _aFondo reservado: para su consulta es necesario credencial de usuario y carta de motivos | |
| 650 | 1 | 4 |
_aIglesia católica _eLiturgia y ritual _vMisal _921627 |
| 902 | _aLAR | ||
| 942 |
_2lcc _cB |
||
| 999 |
_c8326 _d8326 |
||